[Event "PRO League Group Stage"]
[Site "chess.com INT"]
[Date "2019.02.21"]
[Round "7"]
[White "Gorovets, Andrey"]
[Black "Noritsyn, Nikolay"]
[Result "1/2-1/2"]
[WhiteTitle "GM"]
[BlackTitle "IM"]
[WhiteElo "2509"]
[BlackElo "2484"]
[WhiteTeam "Dallas Destiny"]
[BlackTeam "Montreal Chessbrahs"]
[WhiteFideId "13504037"]
[BlackFideId "2604922"]
[EventDate "2019.01.08"]

1. d4 e6 2. Nf3 f5 3. Bf4 Nf6 4. e3 b6 5. Be2 Bb7 6. O-O Be7 7. c4 O-O 8. Nc3
Ne4 9. Nxe4 Bxe4 10. Nd2 Bb7 11. Bf3 Qc8 12. h3 d6 13. Re1 Bf6 14. Qb3 Nc6 15.
d5 Nd8 16. dxe6 Bxf3 17. e7 Bxe7 18. c5+ Qe6 19. cxd6 Bd5 20. dxe7 Bxb3 21.
exf8=Q+ Kxf8 22. axb3 c5 23. e4 Nc6 24. exf5 Qxf5 25. Bd6+ Kg8 26. Nc4 h6 27.
Nxb6 Rd8 28. Nc4 Rd7 29. Be5 Nb4 30. Bc3 Nd3 31. Re8+ Kh7 32. Rf1 Nf4 33. Re3
Qg6 34. g4 Qc6 35. f3 Nxh3+ 36. Kh2 Ng5 37. Ne5 Qc7 38. f4 Ne6 39. Nxd7 Qxd7 40.
Kg3 Nd4 41. Bxd4 cxd4 42. Rd3 a5 43. Rfd1 Qe6 44. R1d2 Qe4 45. Rxd4 Qe3+ 46. Kg2
Qxb3 47. R4d3 Qb7+ 48. Rf3 Qe4 49. Rf2 a4 50. Kg3 Kg6 51. Rc3 Qd5 52. Kh2 Qe4
53. Rcf3 Kf6 54. Kg2 Kg6 55. Kg3 h5 56. gxh5+ Kxh5 57. Kh2 Kg6 58. f5+ Kf6 59.
Rg3 Qe5 60. Kg2 Qd5+ 61. Kh2 Qd6 62. Kg2 Qc6+ 63. Kh2 Qe4 64. Rg6+ Kf7 65. Rfg2
Qh4+ 66. Kg1 Qe1+ 67. Kh2 Qe5+ 68. Kg1 Qe1+ 69. Kh2 Qh4+ 70. Kg1 Qe1+ 1/2-1/2

[Event "PRO League Group Stage"]
[Site "chess.com INT"]
[Date "2019.02.21"]
[Round "7"]
[White "Tomb, Maroun"]
[Black "Toolin, Christopher"]
[Result "0-1"]
[WhiteTitle "CM"]
[WhiteElo "2180"]
[BlackElo "2170"]
[WhiteTeam "Montreal Chessbrahs"]
[BlackTeam "Dallas Destiny"]
[WhiteFideId "5300398"]
[BlackFideId "2024543"]
[EventDate "2019.01.08"]

1. e4 c5 2. Ne2 e6 3. d4 cxd4 4. Nxd4 a6 5. c4 b6 6. Bd3 Bb7 7. O-O Qc7 8. Nc3
d6 9. Be3 Nf6 10. Rc1 Nbd7 11. f3 Be7 12. Qd2 O-O 13. Rfd1 Rac8 14. Bf1 Rfe8 15.
Qf2 Qb8 16. g4 Ne5 17. g5 Nfd7 18. b3 Bd8 19. Bh3 Nc5 20. Qe2 Ng6 21. Bg2 Bc7
22. b4 Nd7 23. Nb3 d5 24. cxd5 exd5 25. Nxd5 Bxd5 26. Rxd5 Bxh2+ 27. Kh1 Rxc1+
28. Bxc1 Ndf8 29. Bh3 Bf4 30. Bb2 Qb7 31. Qd1 Qe7 32. Qg1 Qxb4 33. Qd4 Qe1+ 34.
Qg1 Qe2 35. Qg2 Qe1+ 36. Qg1 Qh4 37. Qg4 Qf2 38. Qg2 Qxg2+ 39. Bxg2 Ne6 40. Nd4
Nxd4 41. Bxd4 Rc8 42. Bf1 b5 43. Kg2 h6 44. gxh6 Bxh6 45. Rd6 Nf4+ 46. Kf2 Rc2+
47. Ke1 Rxa2 48. Rd8+ Kh7 49. Ra8 Ne6 50. Bb6 b4 51. Rxa6 b3 52. Kd1 Rd2+ 53.
Ke1 b2 0-1

[Event "PRO League Group Stage"]
[Site "chess.com INT"]
[Date "2019.02.21"]
[Round "7"]
[White "Grigoriants, Sergey"]
[Black "Meshkovs, Nikita"]
[Result "1-0"]
[WhiteTitle "GM"]
[BlackTitle "GM"]
[WhiteElo "2541"]
[BlackElo "2557"]
[WhiteTeam "Moscow Wizards"]
[BlackTeam "Estonia Horses"]
[WhiteFideId "4130804"]
[BlackFideId "11602740"]
[EventDate "2019.01.08"]

1. Nf3 Nf6 2. c4 e6 3. Nc3 d5 4. d4 Bb4 5. Bg5 dxc4 6. e4 h6 7. Bxf6 Qxf6 8.
Bxc4 c5 9. O-O cxd4 10. e5 Qd8 11. Ne4 Bd7 12. Qe2 Bc6 13. Rad1 Qb6 14. Nxd4
Bxe4 15. Qxe4 Nd7 16. Nxe6 Nc5 17. Nxg7+ Kf8 18. Qf3 Qg6 19. Nf5 Ne6 20. Nh4 1-0

[Event "PRO League Group Stage"]
[Site "chess.com INT"]
[Date "2019.02.21"]
[Round "7"]
[White "Ehlvest, Jaan"]
[Black "Dobrov, Vladimir"]
[Result "0-1"]
[WhiteTitle "GM"]
[BlackTitle "GM"]
[WhiteElo "2521"]
[BlackElo "2478"]
[WhiteTeam "Estonia Horses"]
[BlackTeam "Moscow Wizards"]
[WhiteFideId "4500016"]
[BlackFideId "4136594"]
[EventDate "2019.01.08"]

1. e4 c5 2. Nf3 Nc6 3. d4 cxd4 4. Nxd4 Qb6 5. Nb3 Nf6 6. Nc3 e6 7. Be3 Qc7 8. a3
a6 9. f4 d6 10. g4 b5 11. g5 Nd7 12. Bg2 Bb7 13. O-O Nb6 14. Nd2 g6 15. Qe1 Bg7
16. Qf2 Nd7 17. Rad1 O-O 18. Nb3 Rad8 19. Rd2 Ne7 20. Rfd1 Nc8 21. f5 Bxc3 22.
bxc3 exf5 23. exf5 Bxg2 24. Qxg2 Ne5 25. Rf2 Rfe8 26. Rdf1 Nb6 27. Bxb6 Qxb6 28.
Nd4 Rc8 29. Qh3 Rc7 30. Rf4 Rec8 31. fxg6 Nxg6 32. Rxf7 Rxf7 33. Rxf7 Kxf7 34.
Qxh7+ Kf8 35. Qxg6 Qc5 36. Qf6+ Kg8 37. Qe6+ Kh7 38. Kg2 Qxg5+ 0-1

[Event "PRO League Group Stage"]
[Site "chess.com INT"]
[Date "2019.02.21"]
[Round "7"]
[White "Usmanov, Vasily"]
[Black "Burg, Twan"]
[Result "0-1"]
[WhiteTitle "IM"]
[BlackTitle "GM"]
[WhiteElo "2450"]
[BlackElo "2514"]
[WhiteTeam "Moscow Wizards"]
[BlackTeam "Estonia Horses"]
[WhiteFideId "4135741"]
[BlackFideId "1010697"]
[EventDate "2019.01.08"]

1. d4 Nf6 2. Nf3 d5 3. c4 e6 4. Nc3 Be7 5. Bf4 O-O 6. e3 Nbd7 7. Rc1 c5 8. cxd5
Nxd5 9. Nxd5 exd5 10. dxc5 Nxc5 11. a3 Bd7 12. Nd4 Ba4 13. b3 Qa5+ 14. b4 Qd8
15. Qf3 Ne4 16. Bd3 a5 17. Bxe4 dxe4 18. Qxe4 axb4 19. Nf5 Bf6 20. Be5 Re8 21.
Bxf6 Qxf6 22. Qf4 Bb5 23. Qxb4 Qxf5 24. Rc5 Re5 25. Qa5 Rxa5 0-1

[Event "PRO League Group Stage"]
[Site "chess.com INT"]
[Date "2019.02.21"]
[Round "7"]
[White "Chukavin, Kirill"]
[Black "Seliverstov, Vladimir"]
[Result "0-1"]
[WhiteTitle "FM"]
[BlackTitle "IM"]
[WhiteElo "2307"]
[BlackElo "2462"]
[WhiteTeam "Estonia Horses"]
[BlackTeam "Moscow Wizards"]
[WhiteFideId "4503023"]
[BlackFideId "4192036"]
[EventDate "2019.01.08"]

1. e4 g6 2. d4 Bg7 3. Nc3 d6 4. f4 a6 5. Nf3 b5 6. Bd3 Nd7 7. e5 c5 8. Be4 Rb8
9. Be3 b4 10. Ne2 Qc7 11. c3 Bb7 12. Bxb7 Qxb7 13. O-O Nh6 14. Kh1 O-O 15. Qd2
bxc3 16. bxc3 Qb2 17. Qd3 Qb5 18. Qd2 Nb6 19. Bg1 Nc4 20. Qd3 Na3 21. Qxb5 Rxb5
22. dxc5 dxc5 23. Rfd1 Rc8 24. Ng3 f5 25. Rd7 Bf8 26. Rad1 Nc4 27. Rd8 Rxd8 28.
Rxd8 Nf7 29. Rc8 e6 30. Rc6 Rb6 31. Rc8 Rb1 32. h3 Nb6 33. Re8 Nd5 34. Kh2 Kg7
35. Rxe6 Nxf4 36. Rxa6 h5 37. e6 Nd8 38. Ng5 h4 39. Ra7+ Kh6 40. Be3 hxg3+ 41.
Kxg3 Kxg5 42. e7 Bxe7 43. Rxe7 Kf6 44. Bxc5 Nde6 45. Bd6 Rd1 46. Rd7 Rd3+ 47.
Kh2 Rxc3 48. Bxf4 Nxf4 49. Rd2 Ra3 50. Rf2 Ne6 51. Rc2 Nd4 52. Rd2 Ke5 53. Kg1
Nb5 54. Rb2 Nc3 55. Rb6 g5 56. Rb8 Rxa2 57. Rb3 Ne4 58. Rb1 Kf4 59. Rf1+ Ke5 60.
Rb1 Nc3 61. Rb4 Nd5 62. Rb5 Ke4 63. Rb3 Ne3 64. Rb4+ Kd5 65. Rb5+ Kc4 66. Re5
Kd4 67. Kh1 Kxe5 0-1

[Event "PRO League Group Stage"]
[Site "chess.com INT"]
[Date "2019.02.21"]
[Round "7"]
[White "Lenic, Luka"]
[Black "Jobava, Baadur"]
[Result "1/2-1/2"]
[WhiteTitle "GM"]
[BlackTitle "GM"]
[WhiteElo "2645"]
[BlackElo "2629"]
[WhiteTeam "Ljubljana Turtles"]
[BlackTeam "Tbilisi Gentlemen"]
[WhiteFideId "14603853"]
[BlackFideId "13601520"]
[EventDate "2019.01.08"]

1. d4 d5 2. c4 c6 3. Nf3 Nf6 4. Nc3 dxc4 5. a4 a5 6. Ne5 Ng4 7. Nxc4 e5 8. dxe5
Qxd1+ 9. Nxd1 Be6 10. h3 Nxf2 11. Nxf2 Bxc4 12. Ne4 Na6 13. Bf4 Nb4 14. Kf2
O-O-O 15. g3 h6 16. h4 Rd4 17. Bh3+ Be6 18. Bg2 Nd5 19. Rhd1 Rb4 20. Bd2 Rxb2
21. Bxa5 f5 22. Nd6+ Bxd6 23. exd6 b6 24. Bxd5 Bxd5 25. Bc3 Rc2 26. Rac1 Rxc1
27. Rxc1 Rg8 28. Rb1 1/2-1/2

[Event "PRO League Group Stage"]
[Site "chess.com INT"]
[Date "2019.02.21"]
[Round "7"]
[White "Paichadze, Luka"]
[Black "Borisek, Jure"]
[Result "1-0"]
[WhiteTitle "GM"]
[BlackTitle "GM"]
[WhiteElo "2583"]
[BlackElo "2584"]
[WhiteTeam "Tbilisi Gentlemen"]
[BlackTeam "Ljubljana Turtles"]
[WhiteFideId "13602934"]
[BlackFideId "14603152"]
[EventDate "2019.01.08"]

1. e4 e5 2. Nc3 Nf6 3. f4 d5 4. fxe5 Nxe4 5. Nf3 Be7 6. Qe2 Nxc3 7. dxc3 c5 8.
Bf4 Nc6 9. O-O-O Be6 10. Qf2 Qa5 11. a3 h6 12. h4 O-O-O 13. g3 Rd7 14. Bh3 Nd8
15. g4 b5 16. Kb1 Rb7 17. Bd2 Qb6 18. Be3 Qc6 19. Nd2 Rd7 20. Nb3 Nb7 21. g5
hxg5 22. Bxe6 fxe6 23. Bxg5 a5 24. Bxe7 Rxe7 25. Rhg1 a4 26. Nc1 Rh5 27. Nd3 Rf5
28. Qe3 Ref7 29. Rg6 c4 30. Nb4 Qc5 31. Qg3 Qe7 32. Nc6 Qd7 33. Nd4 Rf1 34. Rxf1
Rxf1+ 35. Ka2 Nc5 36. Rxg7 Nb3 37. cxb3 cxb3+ 38. Nxb3 axb3+ 39. Kxb3 Qc6 40.
Qg4 Rf2 41. Re7 Qc4+ 42. Qxc4+ bxc4+ 43. Ka2 d4 44. cxd4 c3 45. Rxe6 Kb7 46. Rg6
Rxb2+ 47. Ka1 Rd2 48. Kb1 Rxd4 49. h5 Rh4 50. h6 Rh2 51. a4 1-0

[Event "PRO League Group Stage"]
[Site "chess.com INT"]
[Date "2019.02.21"]
[Round "7"]
[White "Skoberne, Jure"]
[Black "Quparadze, Giga"]
[Result "1/2-1/2"]
[WhiteTitle "GM"]
[BlackTitle "GM"]
[WhiteElo "2582"]
[BlackElo "2493"]
[WhiteTeam "Ljubljana Turtles"]
[BlackTeam "Tbilisi Gentlemen"]
[WhiteFideId "14604299"]
[BlackFideId "13602250"]
[EventDate "2019.01.08"]

1. Nf3 c5 2. g3 Nc6 3. Bg2 g6 4. O-O Bg7 5. e4 d6 6. Nc3 e5 7. d3 Nge7 8. Nd2
O-O 9. Nc4 Be6 10. a4 Qd7 11. Nd5 Bg4 12. f3 Be6 13. f4 Bg4 14. Qd2 exf4 15.
Nxe7+ Qxe7 16. Qxf4 Be6 17. Qxd6 Qxd6 18. Nxd6 Nb4 19. c3 Nxd3 20. Rd1 c4 21.
Bf1 Bg4 22. Bxd3 Bxd1 23. Bxc4 Bg4 24. Bg5 Be6 25. Be7 Rfb8 26. Bxe6 fxe6 27.
Rf1 Bf8 28. Rf7 Rd8 29. Bxd8 Rxd8 30. Nxb7 Rd2 31. Rc7 Rxb2 32. Nd8 Rb6 33. Rc6
Rb1+ 34. Kg2 Rb2+ 35. Kf3 e5 36. Rc8 Ba3 37. Ne6+ Kf7 38. Ng5+ Ke7 39. Rc7+ Kd6
40. Rxh7 Rc2 41. Rxa7 Rxh2 42. Ra6+ Kc5 43. Rxg6 Rc2 44. Kg4 Rxc3 45. Nf3 Re3
46. Nxe5 Rxe4+ 47. Kf5 Kd5 48. Nd3 Rxa4 49. Nf4+ Kd4 50. g4 Ra5+ 51. Kf6 Ke4 52.
Ne6 Bb2+ 53. Kf7 Ra7+ 54. Kg8 Ra8+ 55. Kf7 Ra7+ 56. Kg8 Ra8+ 57. Kf7 Ra7+ 1/2-1/2

[Event "PRO League Group Stage"]
[Site "chess.com INT"]
[Date "2019.02.21"]
[Round "7"]
[White "Volkov, Nika"]
[Black "Skuhala, Luka"]
[Result "1-0"]
[WhiteElo "2153"]
[BlackElo "2119"]
[WhiteTeam "Tbilisi Gentlemen"]
[BlackTeam "Ljubljana Turtles"]
[WhiteFideId "13604376"]
[BlackFideId "14605678"]
[EventDate "2019.01.08"]

1. d4 Nf6 2. c4 e6 3. Nc3 Bb4 4. e3 Bxc3+ 5. bxc3 d6 6. Bd3 c5 7. Nf3 Nbd7 8.
O-O Nf8 9. Qe2 Ng6 10. e4 e5 11. Be3 Qc7 12. Rad1 O-O 13. h3 b6 14. Nh2 Bb7 15.
f4 exf4 16. Bxf4 Rae8 17. d5 Nxe4 18. Qc2 Nf6 19. Bg5 Nd7 20. Ng4 Nde5 21. Nxe5
Rxe5 22. Bf4 Re7 23. h4 Kh8 24. Bxg6 hxg6 25. h5 gxh5 26. Qf5 g6 27. Qf6+ Kg8
28. Bxd6 Rfe8 29. Bxc7 1-0

[Event "PRO League Group Stage"]
[Site "chess.com INT"]
[Date "2019.02.21"]
[Round "7"]
[White "Tomczak, Jacek"]
[Black "Postny, Evgeny"]
[Result "1/2-1/2"]
[WhiteTitle "GM"]
[BlackTitle "GM"]
[WhiteElo "2631"]
[BlackElo "2623"]
[WhiteTeam "Berlin Bears"]
[BlackTeam "Pittsburgh Pawngrabbers"]
[WhiteFideId "1124668"]
[BlackFideId "2804344"]
[EventDate "2019.01.08"]

1. e4 e5 2. Nf3 Nc6 3. d4 exd4 4. Nxd4 Bb4+ 5. c3 Bc5 6. Be3 Bb6 7. Qg4 Qf6 8.
Nc2 d5 9. Qg3 dxe4 10. Nd2 Bf5 11. Bxb6 cxb6 12. Qf4 Qe5 13. Qxe5+ Nxe5 14. Nd4
Bg6 15. Bb5+ Ke7 16. O-O f5 17. f4 Nf7 18. g4 Nd6 19. gxf5 Nxf5 20. Nxf5+ Bxf5
21. Nxe4 Bxe4 22. Rae1 Nf6 23. Bd3 Rhe8 24. Bxe4 Nxe4 25. Rxe4+ Kf6 26. Rfe1
Rxe4 27. Rxe4 Rd8 28. Kf2 Rd1 29. Rd4 Rb1 30. Rd2 Kf5 31. Kf3 Rf1+ 32. Ke3 Rxf4
33. Rd7 Rh4 34. Rxg7 Rxh2 35. Rxb7 Rxb2 36. Rxa7 h5 37. a4 Kg4 38. Rg7+ Kh3 39.
Rb7 Ra2 40. Rxb6 Rxa4 41. Kd3 Rg4 42. c4 h4 43. c5 Rg1 44. Rh6 Rc1 45. Kd4 Kg3
46. Kd5 h3 47. c6 h2 48. Rxh2 Kxh2 49. Kd6 Kg3 50. c7 Rxc7 51. Kxc7 1/2-1/2

[Event "PRO League Group Stage"]
[Site "chess.com INT"]
[Date "2019.02.21"]
[Round "7"]
[White "Shabalov, Alexander"]
[Black "Braun, Arik"]
[Result "0-1"]
[WhiteTitle "GM"]
[BlackTitle "GM"]
[WhiteElo "2529"]
[BlackElo "2598"]
[WhiteTeam "Pittsburgh Pawngrabbers"]
[BlackTeam "Berlin Bears"]
[WhiteFideId "2008572"]
[BlackFideId "4663527"]
[EventDate "2019.01.08"]

1. c4 e6 2. Nf3 Nf6 3. g3 a6 4. Bg2 b5 5. b3 Bb7 6. O-O c5 7. Nc3 Qb6 8. e3 Be7
9. Qe2 b4 10. Na4 Qc7 11. d4 d6 12. Bb2 Nbd7 13. Rad1 O-O 14. dxc5 dxc5 15. Nh4
Bxg2 16. Nxg2 Qc6 17. e4 Rfd8 18. e5 Ne8 19. f4 g6 20. g4 Ng7 21. Qf3 Qc7 22.
Ne3 Nf8 23. Nd5 exd5 24. cxd5 Qb7 25. f5 Bg5 26. Nxc5 Qc7 27. Ne4 Qc2 28. Rf2
Be3 29. Nf6+ Kh8 30. Qxe3 Qxd1+ 31. Rf1 Qc2 32. Bd4 gxf5 33. e6 fxe6 34. Nh5 Rd7
35. Nxg7 Rxg7 36. dxe6 f4 37. Qxf4 Ng6 38. Qf7 Rg8 39. e7 Nxe7 40. Qxe7 h6 41.
Rf8 Qd1+ 0-1

[Event "PRO League Group Stage"]
[Site "chess.com INT"]
[Date "2019.02.21"]
[Round "7"]
[White "Bezold, Michael"]
[Black "Le, Tuan Minh"]
[Result "1-0"]
[WhiteTitle "GM"]
[BlackTitle "IM"]
[WhiteElo "2487"]
[BlackElo "2515"]
[WhiteTeam "Berlin Bears"]
[BlackTeam "Pittsburgh Pawngrabbers"]
[WhiteFideId "4601718"]
[BlackFideId "12401153"]
[EventDate "2019.01.08"]

1. b3 d5 2. Bb2 Bf5 3. g3 e6 4. Bg2 Nf6 5. d3 Be7 6. Nd2 O-O 7. e4 Bg6 8. Qe2 a5
9. a3 dxe4 10. dxe4 Nc6 11. Ngf3 Bc5 12. c3 Qd7 13. O-O Rad8 14. b4 axb4 15.
axb4 Bb6 16. b5 Ne5 17. Nd4 Bh5 18. f3 Nxf3+ 19. Bxf3 Bxf3 20. Nxf3 e5 21. Nxe5
Qe6 22. Nc4 Bxd4+ 23. cxd4 Nxe4 24. Ne5 Nd6 25. Ba3 f6 26. Qg4 Qd5 27. Nf3 Qxb5
28. Qe6+ Kh8 29. Rab1 Qc6 30. Rbc1 Qb6 31. Bc5 Qa5 32. Bxd6 cxd6 33. Qb3 b5 34.
Rc6 Rfe8 35. Qd5 Qb4 36. Rb6 Qc3 37. Rxb5 Qe3+ 38. Kg2 Qe2+ 39. Rf2 Qd3 40. Rb3
Qd1 41. Rbb2 Re7 42. Rbd2 Qb1 43. Rde2 Rxe2 44. Rxe2 Qb8 45. h4 Qc8 46. Qe6 Qa8
47. h5 h6 48. d5 Qa4 49. Nh4 Qc4 50. Ng6+ Kh7 51. Qe4 Qxe4+ 52. Rxe4 f5 53. Re6
Kg8 54. Ne7+ 1-0

[Event "PRO League Group Stage"]
[Site "chess.com INT"]
[Date "2019.02.21"]
[Round "7"]
[White "Canty, James"]
[Black "Hoolt, Sarah"]
[Result "0-1"]
[BlackTitle "WGM"]
[WhiteElo "2222"]
[BlackElo "2358"]
[WhiteTeam "Pittsburgh Pawngrabbers"]
[BlackTeam "Berlin Bears"]
[WhiteFideId "2055945"]
[BlackFideId "24606812"]
[EventDate "2019.01.08"]

1. e4 c5 2. c3 Nf6 3. e5 Nd5 4. Nf3 Nc6 5. d4 cxd4 6. cxd4 d6 7. Nc3 dxe5 8.
Nxe5 Nxc3 9. Nxc6 Nxd1 10. Nxd8 Nxf2 11. Nxf7 Nxh1 12. Nxh8 Bd7 13. Bd3 g6 14.
Be3 Bc6 15. d5 Bxd5 16. Ke2 Bxg2 17. Rd1 Bg7 18. Bb5+ Kf8 19. Rg1 Bd5 20. Rd1
Rd8 0-1

[Event "PRO League Group Stage"]
[Site "chess.com INT"]
[Date "2019.02.21"]
[Round "7"]
[White "Jobava, Baadur"]
[Black "Xiong, Jeffery"]
[Result "0-1"]
[WhiteTitle "GM"]
[BlackTitle "GM"]
[WhiteElo "2629"]
[BlackElo "2672"]
[WhiteTeam "Tbilisi Gentlemen"]
[BlackTeam "Dallas Destiny"]
[WhiteFideId "13601520"]
[BlackFideId "2047640"]
[EventDate "2019.01.08"]

1. e4 e5 2. Nf3 Nc6 3. d4 exd4 4. Nxd4 Bc5 5. Nxc6 Qf6 6. Qe2 bxc6 7. Nc3 Rb8 8.
g3 Ne7 9. Bg2 Ba6 10. e5 Qf5 11. g4 Bxe2 12. gxf5 Ba6 13. f6 gxf6 14. Ne4 Bd4
15. Nxf6+ Kd8 16. f4 Ng8 17. Ne4 Ne7 18. c3 Bb6 19. Bd2 Rg8 20. Bh3 Nd5 21.
O-O-O Bd3 22. Nf6 Nxf6 23. exf6 Bf2 24. Rhe1 Bxe1 25. Bxe1 Rg1 26. Rxd3 Rxe1+
27. Kd2 Rh1 28. Bxd7 Rxb2+ 29. Ke3 Rhxh2 30. Be6+ Ke8 31. Bd7+ Kf8 32. Bg4 Rb8
33. Rd7 Re8+ 34. Kd3 Rh4 35. Bd1 Rxf4 36. Rxc7 Rd8+ 37. Ke3 Rxf6 38. Bb3 h5 39.
Rxa7 h4 0-1

[Event "PRO League Group Stage"]
[Site "chess.com INT"]
[Date "2019.02.21"]
[Round "7"]
[White "Holt, Conrad"]
[Black "Paichadze, Luka"]
[Result "1-0"]
[WhiteTitle "GM"]
[BlackTitle "GM"]
[WhiteElo "2548"]
[BlackElo "2583"]
[WhiteTeam "Dallas Destiny"]
[BlackTeam "Tbilisi Gentlemen"]
[WhiteFideId "2034387"]
[BlackFideId "13602934"]
[EventDate "2019.01.08"]

1. d4 Nf6 2. c4 e6 3. Nc3 Bb4 4. Qc2 O-O 5. e4 d6 6. a3 Bxc3+ 7. bxc3 e5 8. Bd3
Nc6 9. Ne2 h6 10. O-O Bg4 11. f3 Bh5 12. Kh1 Qe7 13. Be3 g5 14. Rab1 Nd8 15. Ng3
Bg6 16. c5 Nh5 17. cxd6 cxd6 18. Nf5 Bxf5 19. exf5 Rc8 20. dxe5 dxe5 21. a4 Nf6
22. Rfe1 Nd5 23. Bd2 Nc6 24. c4 Ndb4 25. f6 Qd6 26. Bh7+ Kh8 27. Bxb4 Nxb4 28.
Qe4 Rc7 29. c5 Rxc5 30. Rxb4 Qd2 31. Rbb1 b6 32. Bf5 Qd6 33. Rb5 Re8 34. Rxc5
bxc5 35. Qe2 Qxf6 36. Bc2 Qe6 37. Qd3 f5 38. Qxf5 Qxf5 39. Bxf5 Kg7 40. g4 Re7
41. Rd1 Kf6 42. Rd6+ Kf7 43. Rxh6 Re8 44. Bg6+ Kg7 45. Bxe8 1-0

[Event "PRO League Group Stage"]
[Site "chess.com INT"]
[Date "2019.02.21"]
[Round "7"]
[White "Quparadze, Giga"]
[Black "Gorovets, Andrey"]
[Result "0-1"]
[WhiteTitle "GM"]
[BlackTitle "GM"]
[WhiteElo "2493"]
[BlackElo "2509"]
[WhiteTeam "Tbilisi Gentlemen"]
[BlackTeam "Dallas Destiny"]
[WhiteFideId "13602250"]
[BlackFideId "13504037"]
[EventDate "2019.01.08"]

1. e4 d5 2. exd5 Qxd5 3. Nc3 Qa5 4. d4 Nf6 5. Nf3 c6 6. Bc4 Bf5 7. Bd2 e6 8. Nd5
Qd8 9. Nxf6+ gxf6 10. Qe2 Bxc2 11. d5 cxd5 12. Bb5+ Nd7 13. Nd4 Be4 14. f3 Bg6
15. Nxe6 fxe6 16. Qxe6+ Be7 17. Rc1 Bf7 18. Qf5 a6 19. Ba4 b5 20. Bc2 Ne5 21.
O-O Bg6 22. Qh3 Qd7 23. Qg3 Bxc2 24. Qg7 Bc5+ 0-1

[Event "PRO League Group Stage"]
[Site "chess.com INT"]
[Date "2019.02.21"]
[Round "7"]
[White "Toolin, Christopher"]
[Black "Volkov, Nika"]
[Result "0-1"]
[WhiteElo "2170"]
[BlackElo "2153"]
[WhiteTeam "Dallas Destiny"]
[BlackTeam "Tbilisi Gentlemen"]
[WhiteFideId "2024543"]
[BlackFideId "13604376"]
[EventDate "2019.01.08"]

1. d4 e6 2. c4 d5 3. Nf3 Nf6 4. Nc3 c6 5. g3 dxc4 6. Bg2 b5 7. O-O Be7 8. e4 O-O
9. Qc2 Nbd7 10. Rd1 Bb7 11. a3 a5 12. e5 Nd5 13. Ne4 c5 14. dxc5 Qc7 15. Bg5
Bxc5 16. Rac1 h6 17. Bd2 Be7 18. a4 Ba6 19. axb5 Bxb5 20. Bc3 Nxc3 21. Qxc3 Bb4
22. Qe3 Nxe5 23. Nd4 Ba6 24. Qf4 Rac8 25. Qh4 Ng6 26. Qh5 Qb6 27. Bh3 Bb7 28.
Nf6+ gxf6 29. Bxe6 Ne5 30. Nf5 fxe6 31. Rd7 exf5 32. Qxf5 Rf7 0-1

[Event "PRO League Group Stage"]
[Site "chess.com INT"]
[Date "2019.02.21"]
[Round "7"]
[White "Giri, Anish"]
[Black "Grigoriants, Sergey"]
[Result "1/2-1/2"]
[WhiteTitle "GM"]
[BlackTitle "GM"]
[WhiteElo "2783"]
[BlackElo "2541"]
[WhiteTeam "Montreal Chessbrahs"]
[BlackTeam "Moscow Wizards"]
[WhiteFideId "24116068"]
[BlackFideId "4130804"]
[EventDate "2019.01.08"]

1. Nf3 d5 2. d4 Nf6 3. c4 c6 4. e3 Bg4 5. Qb3 Qc7 6. Ne5 Be6 7. Nc3 Nbd7 8. cxd5
Nxd5 9. Nxd7 Qxd7 10. e4 Nxc3 11. Qxc3 f5 12. f3 fxe4 13. fxe4 Bf7 14. Bf4 Rd8
15. Be5 Bg6 16. Bd3 e6 17. O-O Bd6 18. d5 Bxe5 19. Qxe5 Qe7 20. dxc6 bxc6 21.
Bc4 Rf8 22. Rxf8+ Kxf8 23. Bxe6 Ke8 24. h4 h5 25. g4 Rd6 26. gxh5 Bh7 27. h6
Rxe6 28. Qb8+ Qd8 29. Qxd8+ Kxd8 30. hxg7 Rxe4 31. Kf2 Rxh4 32. Rg1 Bg8 33. Ke3
Kd7 34. Rg5 Rh2 35. Ra5 Rxb2 36. Rxa7+ Ke6 37. Rc7 Rxa2 38. Rxc6+ Kf7 39. Rc7+
Kf6 40. Rc6+ Kxg7 41. Rd6 Ra4 42. Rd4 Ra5 43. Kf4 Kf6 44. Rd8 Ra4+ 45. Ke3 Be6
46. Re8 Ke5 47. Ke2 Ra3 48. Re7 Kf5 49. Kd2 Bd5 50. Re3 Ra4 51. Re8 Be4 52. Ke3
Bc6 53. Re7 Kf6 54. Rc7 Bd5 55. Kd3 Ke5 56. Re7+ Be6 57. Ke3 Ra3+ 58. Ke2 1/2-1/2

[Event "PRO League Group Stage"]
[Site "chess.com INT"]
[Date "2019.02.21"]
[Round "7"]
[White "Dobrov, Vladimir"]
[Black "Hansen, Eric"]
[Result "1/2-1/2"]
[WhiteTitle "GM"]
[BlackTitle "GM"]
[WhiteElo "2478"]
[BlackElo "2615"]
[WhiteTeam "Moscow Wizards"]
[BlackTeam "Montreal Chessbrahs"]
[WhiteFideId "4136594"]
[BlackFideId "2606771"]
[EventDate "2019.01.08"]

1. d4 Nf6 2. c4 g6 3. g3 c6 4. Bg2 d5 5. e3 Bg7 6. Ne2 O-O 7. O-O e6 8. b3 b6 9.
Ba3 Re8 10. Nbc3 Nbd7 11. Rc1 Bb7 12. Nf4 Qb8 13. Re1 dxc4 14. bxc4 e5 15. Nfe2
c5 16. d5 e4 17. Qc2 Ne5 18. Nxe4 Nxe4 19. Bxe4 Ba6 20. Bb2 Nxc4 21. Bxg7 Kxg7
22. Bd3 b5 23. Bxc4 bxc4 24. Nc3 Qe5 25. Qa4 Qf6 26. e4 Bc8 27. Re3 Bh3 28. Qxc4
Rab8 29. Qe2 Rb4 30. e5 Qb6 31. e6 fxe6 32. Re1 Rb2 33. Qd1 Rf8 34. Na4 Rfxf2
35. Nxb2 Rg2+ 36. Kh1 Rxb2 37. Rb3 Rxb3 38. axb3 Qb4 39. Kg1 exd5 40. Re7+ Kf6
41. Rxh7 Bf5 42. Rxa7 Qe4 43. Qd2 Qb1+ 44. Kf2 Qxb3 45. Ra6+ Kf7 46. Ra7+ Kf6
47. Qe1 Be4 48. Kg1 Qc2 49. Qf2+ Qxf2+ 50. Kxf2 Ke5 51. g4 Kd4 52. h4 c4 53. h5
gxh5 54. gxh5 c3 55. h6 Kd3 56. h7 Bxh7 57. Rxh7 c2 58. Rc7 Kd2 59. Kf3 d4 60.
Ke4 d3 61. Kd4 c1=Q 62. Rxc1 Kxc1 63. Kxd3 1/2-1/2